[Event "España ch sub-16 2010"]
[Site "Linares ESP"]
[Date "2010.07.20"]
[Round "2.9"]
[White "Tallo Dominguez, Imar"]
[Black "Nicolas Zapata, Irene"]
[Result "1/2-1/2"]
[WhiteElo "2204"]
[BlackElo "1962"]
[PlyCount "91"]
[EventDate "2010.07.20"]
[EventType "swiss"]
[EventRounds "9"]
[EventCountry "ESP"]
[Source "lmi"]
[SourceDate "2010.07.20"]

1. e4 c5 2. Nf3 d6 3. d4 cxd4 4. Nxd4 Nf6 5. Nc3 g6 6. h3 Bg7 7. g4 Nc6 8. Nde2
h5 9. g5 Nd7 10. f4 Nb6 11. b3 Be6 12. Be3 Rc8 13. a3 Nd7 14. Bg2 Qa5 15. b4
Qd8 16. O-O Nb6 17. b5 Na5 18. f5 Bc4 19. Bd4 O-O 20. Bxg7 Kxg7 21. f6+ exf6
22. Rxf6 Bxe2 23. Nxe2 Qc7 24. Nf4 Qc5+ 25. Kh1 Qe5 26. Rc1 Rc5 27. Nd3 Qxg5
28. Rxd6 Rc7 29. Nb4 Nac4 30. Nd5 Nxd6 31. Nxc7 Nxe4 32. Bxe4 Qe5 33. Bxb7 Qxc7
34. Qd4+ Kh7 35. Bg2 Qg3 36. a4 Re8 37. Rf1 Re1 38. Rxe1 Qxe1+ 39. Kh2 Qa5 40.
Qf4 Kg7 41. Qe5+ Kg8 42. Qe8+ Kg7 43. Qe5+ Kg8 44. c4 Nxc4 45. Qe8+ Kg7 46. Qe4
1/2-1/2

[Event "España ch sub-16 2010"]
[Site "Linares ESP"]
[Date "2010.07.20"]
[Round "2.10"]
[White "Balague Camps, Marc"]
[Black "Aranaz Murillo, Amalia"]
[Result "1/2-1/2"]
[WhiteElo "1964"]
[BlackElo "2190"]
[PlyCount "48"]
[EventDate "2010.07.20"]
[EventType "swiss"]
[EventRounds "9"]
[EventCountry "ESP"]
[Source "lmi"]
[SourceDate "2010.07.20"]

1. c4 c6 2. Nf3 d5 3. e3 Nf6 4. d4 a6 5. Nbd2 b5 6. cxd5 cxd5 7. Ne5 e6 8. a4
b4 9. a5 Be7 10. Nb3 O-O 11. Bd3 Bb7 12. O-O Nbd7 13. Nxd7 Qxd7 14. Qe2 Rfc8
15. Bd2 Bc6 16. Rfc1 Qb7 17. Nc5 Bxc5 18. Rxc5 Ne4 19. Bxe4 dxe4 20. Rac1 Bd5
21. Rxc8+ Rxc8 22. Rxc8+ Qxc8 23. Bxb4 Qc1+ 24. Be1 Bc4 1/2-1/2

[Event "España ch sub-16 2010"]
[Site "Linares ESP"]
[Date "2010.07.20"]
[Round "2.11"]
[White "Ladron De Guevara Pinto, Paolo"]
[Black "Castillo Sanjuan, Alejandro"]
[Result "1-0"]
[WhiteElo "2188"]
[BlackElo "1955"]
[PlyCount "80"]
[EventDate "2010.07.20"]
[EventType "swiss"]
[EventRounds "9"]
[EventCountry "ESP"]
[Source "lmi"]
[SourceDate "2010.07.20"]

1. e4 c5 2. Nf3 d6 3. d4 cxd4 4. Nxd4 Nf6 5. Nc3 e6 6. Be3 Be7 7. f3 O-O 8. Qd2
Nc6 9. O-O-O a6 10. g4 Qc7 11. h4 b5 12. Nxc6 Qxc6 13. Bd3 b4 14. Ne2 e5 15.
Kb1 Be6 16. h5 Rab8 17. Ng3 d5 18. g5 Nd7 19. exd5 Qxd5 20. Bxh7+ Kxh7 21. Qxd5
Bxd5 22. Rxd5 Nb6 23. Rd3 Nc4 24. Nf5 Nxe3 25. Nxe7 Rb7 26. Nc6 Nc4 27. Nd8 Rc7
28. g6+ fxg6 29. Ne6 Rcc8 30. Nxf8+ Rxf8 31. hxg6+ Kxg6 32. Rg1+ Kf6 33. Kc1
Rc8 34. b3 Na3 35. c4 bxc3 36. Rd6+ Kf5 37. Re1 Rh8 38. Rxa6 Nb5 39. Ra5 Rb8
40. Re4 Nd4 1-0

[Event "España ch sub-16 2010"]
[Site "Linares ESP"]
[Date "2010.07.20"]
[Round "2.12"]
[White "Segarra Martinez, Axel"]
[Black "Rioboo De Larriva, Alvaro"]
[Result "1-0"]
[WhiteElo "1956"]
[BlackElo "2173"]
[PlyCount "171"]
[EventDate "2010.07.20"]
[EventType "swiss"]
[EventRounds "9"]
[EventCountry "ESP"]
[Source "lmi"]
[SourceDate "2010.07.20"]

1. e4 e6 2. d4 d5 3. Nd2 Nf6 4. e5 Nfd7 5. Bd3 c5 6. c3 Nc6 7. Ne2 cxd4 8. cxd4
f6 9. exf6 Nxf6 10. Nf3 Bd6 11. O-O Qc7 12. Bg5 O-O 13. Rc1 Nh5 14. Bb1 Rxf3
15. gxf3 Bxh2+ 16. Kg2 Nf4+ 17. Bxf4 Bxf4 18. Qd3 g6 19. Nxf4 Qxf4 20. Qe3 Qf6
21. Rcd1 Bd7 22. Rh1 Rf8 23. Rh2 Rf7 24. a3 Be8 25. Ba2 Ne7 26. Re1 Bd7 27. Bb1
Bb5 28. Qxe6 Qxf3+ 29. Kg1 Qf4 30. Qe3 Nc6 31. Ba2 Nxd4 32. Bxd5 Qg4+ 33. Rg2
Nf3+ 34. Bxf3 Qxf3 35. Qxf3 Rxf3 36. Rg3 Rxg3+ 37. fxg3 Kf7 38. Kf2 Kf6 39. Kf3
h5 40. Rd1 Bc6+ 41. Kf2 Ke5 42. Rd8 Kf5 43. Ra8 a6 44. Rf8+ Ke5 45. Ke3 a5 46.
b3 Bd5 47. Ra8 Bxb3 48. Rxa5+ Bd5 49. Ra8 g5 50. Rh8 Kf5 51. Rd8 Bc6 52. Rd4
Ke5 53. a4 Bd5 54. Rb4 Bc6 55. Kd3 Kf5 56. a5 Ke5 57. Kc3 Kd5 58. Rc4 Bb5 59.
Rc7 Bc6 60. Rg7 g4 61. Kd3 Kc5 62. Rg5+ Kb4 63. Rxh5 Bb5+ 64. Kd2 Kxa5 65. Rg5
Kb6 66. Rxg4 Kc5 67. Rf4 Kd6 68. Kc3 Ke5 69. Kb4 Bc6 70. Kc5 Be4 71. Rf2 Bc6
72. g4 Ke6 73. g5 Be8 74. Kb6 Ke7 75. Kxb7 Kd7 76. Kb6 Kd6 77. Rf6+ Ke7 78. Kc5
Bh5 79. Kd5 Bg4 80. Ke5 Bd1 81. g6 Bh5 82. g7 Bf7 83. Kf5 Ke8 84. Kg5 Ke7 85.
Rf4 Ke8 86. Kh6 1-0

[Event "España ch sub-16 2010"]
[Site "Linares ESP"]
[Date "2010.07.20"]
[Round "2.13"]
[White "Meneses, Gonzalez Kevin Mois"]
[Black "Nicolas Zapata, Javier"]
[Result "1-0"]
[WhiteElo "2172"]
[BlackElo "1939"]
[PlyCount "51"]
[EventDate "2010.07.20"]
[EventType "swiss"]
[EventRounds "9"]
[EventCountry "ESP"]
[Source "lmi"]
[SourceDate "2010.07.20"]

1. e4 c5 2. Nf3 e6 3. d4 cxd4 4. Nxd4 a6 5. Bd3 Bc5 6. Nb3 Be7 7. Qg4 g6 8. O-O
d6 9. Qe2 Nd7 10. Nc3 Qc7 11. f4 Ngf6 12. a4 b6 13. f5 O-O 14. Nd4 exf5 15.
exf5 Ne5 16. Be4 Bb7 17. Bxb7 Qxb7 18. Bg5 Kg7 19. Qd2 Nfg4 20. h3 Nc4 21. Qf4
Bxg5 22. Qxg5 Nce3 23. Rf3 h6 24. f6+ Kh7 25. Qf4 Nxg2 26. Qxg4 1-0

[Event "España ch sub-16 2010"]
[Site "Linares ESP"]
[Date "2010.07.20"]
[Round "2.14"]
[White "Anaya Lopez, Gonzalo Javier"]
[Black "Suarez Uriel, Adrian"]
[Result "1/2-1/2"]
[WhiteElo "1920"]
[BlackElo "2157"]
[PlyCount "115"]
[EventDate "2010.07.20"]
[EventType "swiss"]
[EventRounds "9"]
[EventCountry "ESP"]
[Source "lmi"]
[SourceDate "2010.07.20"]

1. e4 c5 2. Nc3 Nc6 3. d3 g6 4. Be3 d6 5. Qd2 Bg7 6. g3 Rb8 7. a4 e6 8. Bg2 a6
9. Nge2 Nd4 10. O-O Ne7 11. Nd1 O-O 12. Nc1 b5 13. axb5 axb5 14. c3 Ndc6 15.
Bh6 Qb6 16. Bxg7 Kxg7 17. Ne3 f5 18. Ne2 e5 19. f4 c4 20. Kh1 Na5 21. Nc1 cxd3
22. Qxd3 Be6 23. Rd1 Rbd8 24. Ne2 Nb3 25. Ra3 Nc5 26. Qd2 fxe4 27. Nc1 exf4 28.
gxf4 d5 29. b4 Nd7 30. Ne2 Nf6 31. Nd4 Ra8 32. Rda1 Rxa3 33. Rxa3 Bc8 34. Ra5
Qb8 35. Rxb5 Qxf4 36. Nef5+ Qxf5 37. Nxf5+ Nxf5 38. Rc5 e3 39. Qe2 Nh5 40. Rc7+
Kh8 41. Qe1 Nf4 42. Bf1 Be6 43. b5 d4 44. c4 d3 45. Qc3+ Kg8 46. Bxd3 Rd8 47.
Qa5 Nxd3 48. Re7 Nf2+ 49. Kg2 Nxe7 50. Qxd8+ Kf7 51. b6 Bxc4 52. b7 Bd5+ 53.
Qxd5+ Nxd5 54. b8=Q Nd3 55. Kf3 N3f4 56. Qb7+ Kg8 57. Qc8+ Kg7 58. Qd7+ 1/2-1/2

[Event "España ch sub-16 2010"]
[Site "Linares ESP"]
[Date "2010.07.20"]
[Round "2.15"]
[White "Montanes Arribas, Adrian"]
[Black "Garcia Del Campo, Efren"]
[Result "1-0"]
[WhiteElo "2155"]
[BlackElo "1900"]
[PlyCount "65"]
[EventDate "2010.07.20"]
[EventType "swiss"]
[EventRounds "9"]
[EventCountry "ESP"]
[Source "lmi"]
[SourceDate "2010.07.20"]

1. e4 c6 2. Ne2 d5 3. e5 Bf5 4. Ng3 Bg6 5. h4 h6 6. h5 Bh7 7. e6 fxe6 8. d4
Qa5+ 9. c3 Nd7 10. Bd3 Bxd3 11. Qxd3 O-O-O 12. f4 c5 13. O-O Ngf6 14. Nd2 g5
15. hxg6 h5 16. Re1 Qb6 17. Nf3 Bh6 18. f5 e5 19. dxe5 Ng4 20. Bxh6 Rxh6 21.
Rad1 h4 22. Nf1 Nb8 23. Ng5 Nc6 24. c4 Ncxe5 25. Qh3 Qxb2 26. Rd2 Qb4 27. Nf7
Nxf7 28. Qxg4 Nd6 29. f6+ Kc7 30. Rxe7+ Kb6 31. Re6 Kc7 32. Rxd5 Qb6 33. g7 1-0

[Event "España ch sub-16 2010"]
[Site "Linares ESP"]
[Date "2010.07.21"]
[Round "3.1"]
[White "Anton Guijarro, David"]
[Black "Navarro Lopez-Menchero, Daniel"]
[Result "1-0"]
[WhiteElo "2397"]
[BlackElo "2115"]
[PlyCount "101"]
[EventDate "2010.07.20"]
[EventType "swiss"]
[EventRounds "9"]
[EventCountry "ESP"]
[Source "lmi"]
[SourceDate "2010.07.20"]

1. e4 c5 2. Nf3 d6 3. d4 cxd4 4. Nxd4 Nf6 5. Nc3 a6 6. h3 e6 7. g4 d5 8. Nde2
Bb4 9. Bg2 Nc6 10. exd5 Nxd5 11. O-O Nxc3 12. Nxc3 O-O 13. Qxd8 Rxd8 14. Na4 e5
15. Be3 Be6 16. Rfd1 Rxd1+ 17. Rxd1 Rd8 18. Rxd8+ Nxd8 19. Nc5 Bxc5 20. Bxc5
Nc6 21. b3 g6 22. g5 Bf5 23. c4 e4 24. Kf1 Ne5 25. Ke2 Nf3 26. Be7 Kg7 27. Ke3
h6 28. h4 h5 29. Bxf3 exf3 30. Kd4 f6 31. gxf6+ Kf7 32. a4 Bc2 33. Kc3 Be4 34.
a5 Ke6 35. Kd4 Bc6 36. Kc5 Be4 37. Kb6 g5 38. hxg5 h4 39. Bd8 h3 40. Bc7 Kf7
41. Bf4 Kg6 42. b4 Bd3 43. Kc5 Kf7 44. b5 Ke6 45. Bg3 Be2 46. bxa6 bxa6 47. Kd4
Bf1 48. c5 Bb5 49. Ke4 Bc6+ 50. Kf4 Kf7 51. Ke5 1-0

[Event "España ch sub-16 2010"]
[Site "Linares ESP"]
[Date "2010.07.21"]
[Round "3.2"]
[White "Silva Rodriguez, Julio"]
[Black "Sanchez Ibern, Marc"]
[Result "0-1"]
[WhiteElo "2126"]
[BlackElo "2255"]
[PlyCount "54"]
[EventDate "2010.07.20"]
[EventType "swiss"]
[EventRounds "9"]
[EventCountry "ESP"]
[Source "lmi"]
[SourceDate "2010.07.20"]

1. e4 c5 2. Nf3 d6 3. d4 Nf6 4. Nc3 cxd4 5. Nxd4 Nc6 6. Bg5 Bd7 7. Qd2 Rc8 8.
O-O-O Nxd4 9. Qxd4 Qa5 10. Bxf6 gxf6 11. f4 Rg8 12. Qd2 Bg7 13. f5 h5 14. Kb1
Rh8 15. Nd5 Qc5 16. Bd3 e6 17. Nc3 Bh6 18. Qe2 Bf4 19. Bb5 Bc6 20. fxe6 fxe6
21. Bxc6+ Rxc6 22. e5 Bxe5 23. Ne4 Qb6 24. c4 Ke7 25. Rhe1 Rxc4 26. Rxd6 Qb4
27. a3 Rxe4 0-1

[Event "España ch sub-16 2010"]
[Site "Linares ESP"]
[Date "2010.07.21"]
[Round "3.3"]
[White "Villar Perez, Samuel"]
[Black "Cruz Lledo, Pablo"]
[Result "0-1"]
[WhiteElo "2072"]
[BlackElo "2239"]
[PlyCount "62"]
[EventDate "2010.07.20"]
[EventType "swiss"]
[EventRounds "9"]
[EventCountry "ESP"]
[Source "lmi"]
[SourceDate "2010.07.20"]

1. d4 d5 2. c4 c6 3. Nc3 Nf6 4. e3 g6 5. Nf3 Bg7 6. Bd3 O-O 7. h3 b6 8. O-O Ba6
9. b3 c5 10. Bb2 cxd4 11. exd4 Nc6 12. Nb5 dxc4 13. bxc4 Nb4 14. Be2 Nh5 15. g3
Nc6 16. Qd2 Bb7 17. Rfd1 Na5 18. Rac1 a6 19. Na3 Qc7 20. Kh2 Rad8 21. Qe3 Nc6
22. Nb5 Qb8 23. Nc3 e6 24. Rd2 Ne7 25. Nh4 Bf6 26. Bxh5 Bxh4 27. Bg4 h5 28. Bd1
Nf5 29. Qe1 Bg5 30. f4 Nxg3 31. fxg5 Ne2+ 0-1

[Event "España ch sub-16 2010"]
[Site "Linares ESP"]
[Date "2010.07.21"]
[Round "3.4"]
[White "Martinez Ramirez, Erik"]
[Black "Cerrato Torrijos, Maria"]
[Result "1-0"]
[WhiteElo "2216"]
[BlackElo "2064"]
[PlyCount "85"]
[EventDate "2010.07.20"]
[EventType "swiss"]
[EventRounds "9"]
[EventCountry "ESP"]
[Source "lmi"]
[SourceDate "2010.07.20"]

1. e4 c5 2. Nf3 d6 3. d4 cxd4 4. Nxd4 Nf6 5. Nc3 Nc6 6. f3 e5 7. Nb3 Be7 8. Be3
O-O 9. Qd2 a5 10. Bb5 Na7 11. Bd3 Nc6 12. a3 a4 13. Nc1 Be6 14. N1e2 d5 15.
exd5 Nxd5 16. Nxd5 Qxd5 17. Nc3 Qa5 18. Qf2 Nd4 19. O-O Rfd8 20. Kh1 Qb6 21. f4
Qxb2 22. Bxd4 Rxd4 23. Ne2 Rxd3 24. cxd3 Bxa3 25. fxe5 Bf8 26. Qe3 a3 27. Rfb1
Ba2 28. Rc1 Bd5 29. Nf4 Bc6 30. Rab1 Qa2 31. d4 b5 32. Qd3 Bd7 33. Kg1 b4 34.
Ra1 Qb2 35. Rcb1 Qc3 36. Qxc3 bxc3 37. Nd5 c2 38. Rc1 Ba4 39. Nb6 Ra6 40. Nxa4
Rxa4 41. Rxc2 Rxd4 42. Rc8 Ra4 43. e6 1-0

[Event "España ch sub-16 2010"]
[Site "Linares ESP"]
[Date "2010.07.21"]
[Round "3.5"]
[White "Gutierrez Valero, Mario"]
[Black "Vazquez Torres, Adrian"]
[Result "0-1"]
[WhiteElo "2071"]
[BlackElo "2210"]
[PlyCount "66"]
[EventDate "2010.07.20"]
[EventType "swiss"]
[EventRounds "9"]
[EventCountry "ESP"]
[Source "lmi"]
[SourceDate "2010.07.20"]

1. d4 Nf6 2. c4 e5 3. dxe5 Ne4 4. a3 Nc6 5. Nd2 Nxd2 6. Bxd2 Nxe5 7. e3 d6 8.
Bc3 Be6 9. b3 Qf6 10. Rc1 Qg6 11. Nf3 O-O-O 12. Rc2 Be7 13. Rd2 Nxf3+ 14. gxf3
Bf6 15. Bxf6 Qxf6 16. Bd3 Bf5 17. Bxf5+ Qxf5 18. Rd5 Qf6 19. Rd4 Rhe8 20. Ke2
Qe5 21. Qd2 f5 22. b4 g5 23. a4 f4 24. a5 Qe6 25. e4 g4 26. Qxf4 gxf3+ 27. Qxf3
Rf8 28. Qe3 Qg4+ 29. Kd2 Qg2 30. Re1 Rxf2+ 31. Re2 Rdf8 32. Rxf2 Rxf2+ 33. Kc3
Rf3 0-1

[Event "España ch sub-16 2010"]
[Site "Linares ESP"]
[Date "2010.07.21"]
[Round "3.6"]
[White "Nieto De La Cruz, Julio"]
[Black "Villasenor Rubio, Emilio Jose"]
[Result "1/2-1/2"]
[WhiteElo "2208"]
[BlackElo "2045"]
[PlyCount "49"]
[EventDate "2010.07.20"]
[EventType "swiss"]
[EventRounds "9"]
[EventCountry "ESP"]
[Source "lmi"]
[SourceDate "2010.07.20"]

1. d4 Nf6 2. c4 g6 3. Nc3 Bg7 4. e4 d6 5. f4 O-O 6. Nf3 c5 7. d5 e6 8. Be2 exd5
9. cxd5 b5 10. e5 dxe5 11. fxe5 Ng4 12. Bxb5 Nxe5 13. O-O Qb6 14. Kh1 Nbd7 15.
Nxe5 Nxe5 16. Be3 Ng4 17. Bf4 Bxc3 18. bxc3 Qxb5 19. h3 Nf6 20. Bh6 Nh5 21. Qf3
Ba6 22. g4 Ng7 23. Qf6 Ne8 24. Qe7 Ng7 25. Qf6 1/2-1/2

[Event "España ch sub-16 2010"]
[Site "Linares ESP"]
[Date "2010.07.21"]
[Round "3.7"]
[White "Perera Borrego, Mariela"]
[Black "Ladron De Guevara Pinto, Paolo"]
[Result "1/2-1/2"]
[WhiteElo "2068"]
[BlackElo "2188"]
[PlyCount "117"]
[EventDate "2010.07.20"]
[EventType "swiss"]
[EventRounds "9"]
[EventCountry "ESP"]
[Source "lmi"]
[SourceDate "2010.07.20"]

1. d4 Nf6 2. Nf3 c5 3. d5 d6 4. Nc3 g6 5. e4 Bg7 6. Bf4 O-O 7. h3 b5 8. e5 dxe5
9. Bxe5 b4 10. Na4 Nbd7 11. Bc4 Qa5 12. b3 Nxe5 13. Nxe5 Ne4 14. Nc6 Qc7 15.
O-O Bxa1 16. Qxa1 Bb7 17. Qe5 Qxe5 18. Nxe5 Rfd8 19. Re1 Nf6 20. d6 e6 21. Nxc5
Bc8 22. Rd1 Nd7 23. Ncxd7 Bxd7 24. Rd4 Rab8 25. Rf4 Be8 26. d7 Rxd7 27. Nxd7
Bxd7 28. Rd4 Bc6 29. f3 Kf8 30. Kf2 Ke7 31. Ke3 e5 32. Rd2 Rb6 33. Bd5 Bb5 34.
f4 exf4+ 35. Kxf4 Rf6+ 36. Ke3 Rf1 37. Kd4 Kd6 38. Bf3 Re1 39. c4 bxc3 40.
Kxc3+ Kc7 41. Kb4 Bd7 42. Bd5 f5 43. a4 Re3 44. Kc5 g5 45. Kd4 f4 46. b4 h5 47.
Rc2+ Kd6 48. a5 Bb5 49. Bc4 Bxc4 50. Kxc4 g4 51. hxg4 hxg4 52. Rd2+ Ke6 53. Rd8
Rg3 54. Rd2 Kf5 55. b5 f3 56. gxf3 gxf3 57. b6 axb6 58. axb6 Rg8 59. Kb5
1/2-1/2

[Event "España ch sub-16 2010"]
[Site "Linares ESP"]
[Date "2010.07.21"]
[Round "3.8"]
[White "Molina Rodriguez, Borja"]
[Black "Meneses, Gonzalez Kevin Mois"]
[Result "1/2-1/2"]
[WhiteElo "2036"]
[BlackElo "2172"]
[PlyCount "44"]
[EventDate "2010.07.20"]
[EventType "swiss"]
[EventRounds "9"]
[EventCountry "ESP"]
[Source "lmi"]
[SourceDate "2010.07.20"]

1. e4 c5 2. Nf3 d6 3. d4 cxd4 4. Qxd4 Nc6 5. Bb5 Bd7 6. Bxc6 Bxc6 7. Nc3 Nf6 8.
Bg5 e6 9. O-O-O Be7 10. Qd3 Qa5 11. h4 O-O 12. Nd4 h6 13. Bxf6 Bxf6 14. f4 Bxd4
15. Qxd4 b5 16. Qxd6 b4 17. Qxc6 bxc3 18. Qxc3 Qxa2 19. Qa3 Qc4 20. Qd3 Qa2 21.
Qa3 Qc4 22. Qd3 Qa2 1/2-1/2

[Event "España ch sub-16 2010"]
[Site "Linares ESP"]
[Date "2010.07.21"]
[Round "3.9"]
[White "Gomez Dieguez, David"]
[Black "Montanes Arribas, Adrian"]
[Result "1/2-1/2"]
[WhiteElo "1882"]
[BlackElo "2155"]
[PlyCount "72"]
[EventDate "2010.07.20"]
[EventType "swiss"]
[EventRounds "9"]
[EventCountry "ESP"]
[Source "lmi"]
[SourceDate "2010.07.20"]

1. e4 c5 2. Ne2 d6 3. g3 Nc6 4. Bg2 g6 5. c3 Bg7 6. d4 cxd4 7. cxd4 Qb6 8. Nbc3
Nxd4 9. Nd5 Qc5 10. Nxd4 Bxd4 11. Be3 Bxe3 12. fxe3 Qa5+ 13. b4 Qd8 14. Rc1 Kf8
15. Nc7 Rb8 16. Qd4 Nf6 17. e5 Ng4 18. exd6 e5 19. Qxa7 Qf6 20. Rc2 Kg7 21. h3
Qxd6 22. hxg4 Qxb4+ 23. Kf2 Bxg4 24. Qc5 Qxc5 25. Rxc5 Rhd8 26. Rd5 Rdc8 27.
Rc1 Ra8 28. Rd2 Ra5 29. Bxb7 Rb8 30. Bf3 Bxf3 31. Kxf3 Rb4 32. Nd5 Rba4 33.
Rcc2 h5 34. Nc3 Rg4 35. a4 e4+ 36. Nxe4 Rf5+ 1/2-1/2

[Event "España ch sub-16 2010"]
[Site "Linares ESP"]
[Date "2010.07.21"]
[Round "3.10"]
[White "Montoliu Cervero, Francisco"]
[Black "Navarro Molina, David"]
[Result "1/2-1/2"]
[WhiteElo "2153"]
[BlackElo "2012"]
[PlyCount "103"]
[EventDate "2010.07.20"]
[EventType "swiss"]
[EventRounds "9"]
[EventCountry "ESP"]
[Source "lmi"]
[SourceDate "2010.07.20"]

1. e4 c5 2. Nf3 e6 3. d4 cxd4 4. Nxd4 Nc6 5. Nc3 Qc7 6. Be3 a6 7. Qd2 b5 8.
O-O-O b4 9. Na4 Nf6 10. f3 Ne5 11. Nb3 Rb8 12. Qf2 Be7 13. Ba7 Ra8 14. Bd4 O-O
15. g4 d6 16. Nb6 Rb8 17. g5 Nfd7 18. Nxd7 Nxd7 19. h4 a5 20. Kb1 a4 21. Nc1
Nc5 22. Qg2 e5 23. Be3 Be6 24. Bxc5 Qxc5 25. Bd3 a3 26. Nb3 Qa7 27. Qe2 Rfc8
28. Ba6 Rc6 29. Bb5 Rc7 30. c4 bxc3 31. bxc3 Rxc3 32. Rd3 Rc7 33. Rd2 Qb6 34.
Bd3 Bxb3 35. axb3 Qxb3+ 36. Ka1 Qc3+ 37. Ka2 Qb3+ 38. Ka1 a2 39. Rb2 Qc3 40.
Qd2 Qd4 41. Be2 Qxd2 42. Rxd2 d5 43. Rb2 Rxb2 44. Kxb2 d4 45. Bd3 Rc3 46. Rd1
Ra3 47. Bc4 Rxf3 48. Kxa2 Rh3 49. Rf1 Bb4 50. Rxf7 Kh8 51. Rb7 Bf8 52. Rf7
1/2-1/2

[Event "España ch sub-16 2010"]
[Site "Linares ESP"]
[Date "2010.07.21"]
[Round "3.11"]
[White "Quintin Navarro, Alberto"]
[Black "Segarra Martinez, Axel"]
[Result "0-1"]
[WhiteElo "2139"]
[BlackElo "1956"]
[PlyCount "82"]
[EventDate "2010.07.20"]
[EventType "swiss"]
[EventRounds "9"]
[EventCountry "ESP"]
[Source "lmi"]
[SourceDate "2010.07.20"]

1. d4 Nf6 2. c4 g6 3. f3 c5 4. d5 d6 5. e4 Bg7 6. Nc3 O-O 7. Be3 e6 8. Qd2 exd5
9. cxd5 Re8 10. Nge2 a6 11. a4 Qa5 12. Ng3 b5 13. Be2 Nbd7 14. O-O b4 15. Nd1
Bb7 16. Bh6 Bh8 17. Ne3 Ne5 18. f4 Ned7 19. Nc4 Qc7 20. Bf3 Nb6 21. Na5 Rad8
22. Rad1 Nxa4 23. Nc6 Bxc6 24. dxc6 d5 25. exd5 Nxd5 26. Qc2 Ndb6 27. Ne4 Nxb2
28. Rxd8 Rxd8 29. Nxc5 a5 30. Kh1 N2c4 31. f5 Qe5 32. fxg6 hxg6 33. Nd7 Nxd7
34. Qxc4 Nb6 35. Qa6 Qc5 36. Qb7 Re8 37. Bf4 Qf2 38. Qa6 Re1 39. Be2 Qxe2 40.
Qxe2 Rxe2 41. Rd1 Be5 0-1

[Event "España ch sub-16 2010"]
[Site "Linares ESP"]
[Date "2010.07.21"]
[Round "3.12"]
[White "Forcen Esteban, Daniel"]
[Black "Gonzalez Hernandez, Ferran"]
[Result "1-0"]
[WhiteElo "2379"]
[BlackElo "1885"]
[PlyCount "63"]
[EventDate "2010.07.20"]
[EventType "swiss"]
[EventRounds "9"]
[EventCountry "ESP"]
[Source "lmi"]
[SourceDate "2010.07.20"]

1. e4 c5 2. Nc3 a6 3. Nf3 e6 4. d4 cxd4 5. Nxd4 Qc7 6. g3 Bb4 7. Nde2 Be7 8.
Bg2 Nf6 9. O-O Nc6 10. a4 d6 11. Nd4 O-O 12. Nb3 Re8 13. f4 Nd7 14. Be3 Nf8 15.
a5 Bd8 16. g4 Qe7 17. g5 Bc7 18. f5 Ne5 19. f6 Qd8 20. Qe2 b5 21. h4 Nc4 22. h5
Bb7 23. fxg7 Nd7 24. g6 fxg6 25. hxg6 hxg6 26. Qf3 Qe7 27. Bh6 Nce5 28. Qg3 Nf7
29. Rxf7 Qxf7 30. Rf1 Nf6 31. e5 dxe5 32. Bxb7 1-0

[Event "España ch sub-16 2010"]
[Site "Linares ESP"]
[Date "2010.07.21"]
[Round "3.13"]
[White "Alcaraz Ortega, Javier"]
[Black "Balague Camps, Marc"]
[Result "1-0"]
[WhiteElo "2242"]
[BlackElo "1964"]
[PlyCount "99"]
[EventDate "2010.07.20"]
[EventType "swiss"]
[EventRounds "9"]
[EventCountry "ESP"]
[Source "lmi"]
[SourceDate "2010.07.20"]

1. Nf3 d5 2. d4 Nf6 3. c4 c6 4. Qb3 dxc4 5. Qxc4 Bf5 6. Nc3 Nbd7 7. g3 e6 8.
Bg2 Be7 9. O-O O-O 10. Re1 Ne4 11. Qb3 Qb6 12. Nh4 Bb4 13. g4 Be7 14. Nxf5 exf5
15. Qxb6 Nxb6 16. Nxe4 fxe4 17. Bxe4 Rfe8 18. Bf3 Bf6 19. Rd1 Rad8 20. e3 Rd7
21. Bd2 Nc4 22. Bc3 Red8 23. b3 Nb6 24. Bb4 Nd5 25. Ba3 Be7 26. Bxe7 Nxe7 27.
Rac1 Rd6 28. Rc5 b6 29. Rcc1 c5 30. dxc5 Rxd1+ 31. Rxd1 Rxd1+ 32. Bxd1 bxc5 33.
Bf3 f6 34. Kf1 Kf7 35. Ke2 Nc8 36. Bd5+ Kg6 37. Be6 Nd6 38. f4 h5 39. h3 hxg4
40. hxg4 Kh6 41. Kf3 g6 42. e4 g5 43. e5 Nb5 44. Bc4 Nd4+ 45. Ke4 gxf4 46. exf6
f3 47. g5+ Kg6 48. Ke3 a5 49. a4 Kh7 50. Bf7 1-0

[Event "España ch sub-16 2010"]
[Site "Linares ESP"]
[Date "2010.07.21"]
[Round "3.14"]
[White "Madurga Lopez, Ignacio"]
[Black "Tallo Dominguez, Imar"]
[Result "1-0"]
[WhiteElo "2024"]
[BlackElo "2204"]
[PlyCount "105"]
[EventDate "2010.07.20"]
[EventType "swiss"]
[EventRounds "9"]
[EventCountry "ESP"]
[Source "lmi"]
[SourceDate "2010.07.20"]

1. e4 c5 2. Nf3 Nf6 3. e5 Nd5 4. Nc3 Nxc3 5. dxc3 e6 6. Bf4 Nc6 7. Bd3 h6 8.
Qe2 Qc7 9. Bg3 b6 10. O-O-O Bb7 11. Ba6 O-O-O 12. Bxb7+ Qxb7 13. Nd2 Ne7 14. f3
Nf5 15. Bf2 d5 16. exd6 Bxd6 17. g4 Ne7 18. Bg3 Bxg3 19. hxg3 Rd5 20. c4 Rd7
21. Ne4 Rhd8 22. Rxd7 Qxd7 23. Rd1 Qxd1+ 24. Qxd1 Rxd1+ 25. Kxd1 Kd7 26. Kd2 f5
27. gxf5 exf5 28. Nf2 Ke6 29. Nd3 g5 30. Ke3 Ng6 31. f4 Kf6 32. c3 h5 33. b4 h4
34. fxg5+ Kxg5 35. gxh4+ Nxh4 36. bxc5 bxc5 37. Nxc5 f4+ 38. Ke4 Ng6 39. Ne6+
Kg4 40. Nxf4 Nxf4 41. c5 Ne6 42. c6 Nc7 43. Ke5 Kf3 44. Kd6 Nb5+ 45. Kc5 Nc7
46. a4 Ke4 47. Kd6 Ne8+ 48. Kd7 Nf6+ 49. Kd8 Nd5 50. c7 Nxc7 51. Kxc7 Kd3 52.
a5 Kc4 53. a6 1-0

[Event "España ch sub-16 2010"]
[Site "Linares ESP"]
[Date "2010.07.21"]
[Round "3.15"]
[White "Aranaz Murillo, Amalia"]
[Black "Anaya Lopez, Gonzalo Javier"]
[Result "1-0"]
[WhiteElo "2190"]
[BlackElo "1920"]
[PlyCount "57"]
[EventDate "2010.07.20"]
[EventType "swiss"]
[EventRounds "9"]
[EventCountry "ESP"]
[Source "lmi"]
[SourceDate "2010.07.20"]

1. Nf3 Nf6 2. c4 g6 3. Nc3 d5 4. Qa4+ Nc6 5. Nd4 Qd7 6. cxd5 Nxd5 7. Nxd5 Qxd5
8. Nxc6 bxc6 9. e4 Qd6 10. d4 Bd7 11. Be3 Bg7 12. Rd1 O-O 13. Qc2 Rfb8 14. Bc4
Qb4+ 15. Rd2 c5 16. O-O Bb5 17. Bxb5 Rxb5 18. dxc5 Qxb2 19. Qxb2 Bxb2 20. Rd7
Bf6 21. f4 Bc3 22. Rxc7 e6 23. Rc1 Ba5 24. Rd7 Rb2 25. c6 Re2 26. Rxa7 Rxa7 27.
Bxa7 Bc7 28. e5 f6 29. exf6 1-0

[Event "España ch sub-16 2010"]
[Site "Linares ESP"]
[Date "2010.07.22"]
[Round "4.1"]
[White "Vazquez Torres, Adrian"]
[Black "Anton Guijarro, David"]
[Result "0-1"]
[WhiteElo "2210"]
[BlackElo "2397"]
[PlyCount "74"]
[EventDate "2010.07.20"]
[EventType "swiss"]
[EventRounds "9"]
[EventCountry "ESP"]
[Source "lmi"]
[SourceDate "2010.07.20"]

1. e4 c5 2. Nf3 d6 3. d4 cxd4 4. Nxd4 Nf6 5. Nc3 Nc6 6. Bc4 Bd7 7. O-O e6 8.
Bb3 Be7 9. Be3 O-O 10. f4 Nxd4 11. Bxd4 Bc6 12. Qf3 b5 13. f5 b4 14. Bxf6 Bxf6
15. Ne2 exf5 16. Qxf5 Qe7 17. Bd5 Rac8 18. c3 Bxd5 19. Qxd5 bxc3 20. Nxc3 Bxc3
21. bxc3 Rxc3 22. Rac1 Rc5 23. Rxc5 dxc5 24. Rc1 Rd8 25. Qf5 g6 26. Qf4 Rd4 27.
Qb8+ Kg7 28. e5 Re4 29. Qd6 Qxe5 30. Qxe5+ Rxe5 31. Kf2 Kf6 32. Rc4 a6 33. h4
h5 34. Kf3 Rd5 35. Ra4 Rd6 36. Ke4 Ke6 37. Ra5 Rc6 0-1